000
00294nam a2200145Ia 4500
100
_a
Walkenbach/J
942
_c
BK
654
_a
computer
245
_a
VB Script for Dummies
260
_b
ComDex
_c
1997
082
_a
005.133'VB'
_b
WAL
300
_a
380
546
_a
ENGLISH
999
_c
24843
_d
24843